000
00176 a2200073 4500
020
_a
9780431114798
082
_2
23
_a
T 323 KRAM
245
_a
Behind the news Human rights:who decides?
999
_c
800239
_d
800238
942
_w
8485
_x
Julia Mabuza
_y
8485
_z
Julia Mabuza